000 00453nam a2200181Ia 4500
005 20250423095024.0
008 250422s9999 xx 000 0 und d
020 _a9780205365388
050 _aHF 6146.T42 .E45/
100 _aElin, Larry
245 0 _aDesigning and producing the television commercial
260 _aBoston
260 _b Pearson A and B
260 _c2004
300 _a254 p
650 _aTelevision advertising.
942 _cBK
999 _c29001
_d29001